000 00447nmm a2200157Ia 4500
008 251105s9999||||xx |||||||||||||||||und||
020 _a9789871727087
041 _aspa
100 _aDíaz Eterovic, Ramón
245 0 _aLa ciudad está triste
264 _a[Buenos Aires, Argentina] :
_bEduvim,
_c2011
300 _a78 páginas
650 _aLatin American narrative
856 _uhttps://public.digitaliapublishing.com/a/14484
942 _cCF
999 _c97270
_d97270